|
|
|
|
| LEADER |
01614nam a22002777a 4500 |
| 003 |
GR-PaULI |
| 005 |
20240119120411.0 |
| 008 |
170629s2008 gr f |||| 000 0 gre d |
| 020 |
|
|
|a 9789600112382
|
| 040 |
|
|
|a GR-PaULI
|b gre
|c GR-PaULI
|d GR-AiPI
|e AACR2
|
| 082 |
|
|
|a 174.95
|2 23
|
| 100 |
1 |
|
|a Κυρίδης, Αργύρης Γ.
|e συγγραφέας
|9 41586
|
| 245 |
1 |
0 |
|a Περί επιστημονικής δεοντολογίας και πρακτικής /
|c Αργύρης Κυρίδης-Αγγελική Χρονοπούλου.
|
| 260 |
|
|
|a Αθήνα :
|b Gutenberg,
|c 2008.
|
| 300 |
|
|
|a 183 σ. :
|b διάγρ. ;
|c 22 εκ.
|
| 490 |
1 |
|
|a Βιβλιοθήκη κοινωνικής επιστήμης και κοινωνικής πολιτικής
|
| 504 |
|
|
|6 Βιβλιογραφία : σ. 167-183.
|
| 650 |
|
4 |
|9 135389
|a Επιστήμη
|x Ηθικές απόψεις
|
| 650 |
|
4 |
|a Επιστήμη
|x Κοινωνικές απόψεις
|9 11322
|
| 700 |
1 |
|
|9 163028
|a Χρονοπούλου, Αγγελική
|e συγγραφέας
|
| 830 |
|
0 |
|a Βιβλιοθήκη κοινωνικής επιστήμης και κοινωνικής πολιτικής (Gutenberg)
|9 159450
|
| 942 |
|
|
|2 ddc
|c BK15
|
| 952 |
|
|
|0 0
|1 0
|2 ddc
|4 0
|6 174_950000000000000_ΚΥΡ
|7 0
|9 213605
|a LISA
|b LISA
|c BSC
|d 2017-06-29
|i 13331
|l 0
|o 174.95 ΚΥΡ
|p 026000278681
|r 2017-06-29 00:00:00
|t 1
|v 2017.00
|y BK15
|
| 952 |
|
|
|0 0
|1 0
|2 ddc
|4 0
|6 174_950000000000000_ΚΥΡ
|7 0
|9 224152
|a LISA
|b LISA
|c BSC
|d 2018-07-10
|i 13735
|l 0
|o 174.95 ΚΥΡ
|p 026000279776
|r 2018-07-10 00:00:00
|t 2
|w 2018-07-10
|y BK15
|
| 998 |
|
|
|c ΜΙΧΟΣΤΑΥΡΟΥ
|d 2017-06
|
| 999 |
|
|
|c 129900
|d 129900
|